000 00456nam a2200181Ia 4500
003 GCL
008 140319s9999 xx 000 0 eng d
040 _aGCL /
_cGCL
082 0 4 _aCH
_b598
_bN B
100 1 _aNAYER, JUDY
245 1 0 _aBIRDS AT YOUR FINGERTIPS /
_cNAYER, JUDY
260 _a[S.N] :
_bMC CLANAHAN BOOK COMPANY ،
_c1995
650 0 4 _aSCIENCE
650 0 4 _aBIRDS
650 0 4 _aWATER BIRDS
650 0 4 _aBIRDS - FLIGHT
942 _2ddc
_cBK
999 _c14766
_d14766